[Event "Wch U14 Girls"]
[Site "Florianopolis"]
[Date "2024.11.02"]
[Round "5"]
[White "Fiset, Anais Chloe"]
[Black "Krkyasharyan, Sona"]
[Result "0-1"]
[WhiteElo "1756"]
[BlackElo "1998"]
[PlyCount "68"]
[EventDate "2024.10.29"]
[EventType "swiss"]
[EventRounds "11"]
[EventCountry "BRA"]
[SourceTitle "CB45_2024"]
[Source "ChessBase"]
[SourceDate "2024.11.06"]
[SourceVersion "1"]
[SourceVersionDate "2024.11.06"]
[SourceQuality "1"]

1. e4 c5 2. Nf3 d6 3. Bb5+ Nd7 4. 0-0 a6 5. Bd3 Ngf6 6. Re1 e6 7. c3 b5 8. Bc2 c4 9. a4 Bb7 10. d4 cxd3 11. Qxd3 Nc5 12. Qe2 Nxa4 13. e5 Nd7 14. Nbd2 Qc7 15. exd6 Bxd6 16. Ne4 0-0 17. Qd3 Be7 18. Neg5 g6 19. Qd4 Nf6 20. Ne5 Nc5 21. Qh4 Ncd7 22. Bf4 Nxe5 23. Bxe5 Qc4 24. Be4 h5 25. b3 Qc8 26. Bxb7 Qxb7 27. Qg3 Ng4 28. Bf4 e5 29. Bxe5 Bxg5 30. h3 Nxe5 31. Rxe5 Bf6 32. Rxh5 Qb8 33. Qg4 Qc8 34. Qg3 Qxc3 0-1

[Event "Wch U14 Girls"]
[Site "Florianopolis"]
[Date "2024.10.31"]
[Round "3"]
[White "Richter, Johanna"]
[Black "Krkyasharyan, Sona"]
[Result "0-1"]
[WhiteElo "1813"]
[BlackElo "1998"]
[PlyCount "71"]
[EventDate "2024.10.29"]
[EventType "swiss"]
[EventRounds "11"]
[EventCountry "BRA"]
[SourceTitle "CB45_2024"]
[Source "ChessBase"]
[SourceDate "2024.11.06"]
[SourceVersion "1"]
[SourceVersionDate "2024.11.06"]
[SourceQuality "1"]

1. d4 d5 2. c4 c6 3. Nc3 Nf6 4. cxd5 cxd5 5. Bf4 Nc6 6. e3 Bf5 7. Nf3 e6 8. Qb3 Bb4 9. Bb5 0-0 10. 0-0 Bxc3 11. Bxc6 Bxb2 12. Bxb7 Bxa1 13. Rxa1 Nh5 14. Be5 f6 15. Bxa8 fxe5 16. Bb7 e4 17. Ne5 Qg5 18. Bxd5 Qe7 19. Bc4 Nf6 20. Rb1 Ng4 21. Nxg4 Bxg4 22. Rb2 h5 23. d5 exd5 24. Bxd5+ Kh8 25. Qc4 Rc8 26. Qf1 Qe5 27. Rb5 a6 28. Ra5 Qb2 29. Bc4 Qb4 30. Bxa6 Qxa5 31. Bxc8 Bxc8 32. Qc1 Be6 33. a3 Qd5 34. h3 Qc4 35. Qxc4 Bxc4 36. f3 0-1

[Event "EU-ch U14 Girls"]
[Site "Prague"]
[Date "2024.08.26"]
[Round "5"]
[White "Khairova, Evelina"]
[Black "Krkyasharyan, Sona"]
[Result "0-1"]
[WhiteElo "1717"]
[BlackElo "1884"]
[PlyCount "68"]
[EventDate "2024.08.22"]
[EventType "swiss"]
[EventRounds "9"]
[EventCountry "CZE"]
[SourceTitle "CBM 221 Extra"]
[Source "ChessBase"]
[SourceDate "2024.09.30"]
[SourceVersion "1"]
[SourceVersionDate "2024.09.30"]
[SourceQuality "1"]

1. Nf3 d5 2. g3 g6 3. Bg2 Bg7 4. 0-0 Nf6 5. c4 c6 6. b3 0-0 7. Bb2 Bg4 8. d3 Nbd7 9. Nbd2 Bxf3 10. Nxf3 a5 11. a4 Qb6 12. Rb1 Rfd8 13. Qc2 h5 14. h3 Qc7 15. e3 e5 16. Nd2 Rac8 17. f4 Re8 18. Rbe1 Qb6 19. fxe5 Nxe5 20. d4 Ned7 21. Qd3 Rcd8 22. e4 dxe4 23. Bxe4 Nc5 24. Qf3 Ncxe4 25. Nxe4 Nxe4 26. Qxf7+ Kh7 27. c5 Qb4 28. Ba1 Rf8 29. Qe7 Rde8 30. Qc7 Qxb3 31. Rxf8 Rxf8 32. d5 Nc3 33. Bxc3 Qxc3 34. Rb1 Qxc5+ 0-1

[Event "EU-ch U14 Girls"]
[Site "Prague"]
[Date "2024.08.24"]
[Round "3"]
[White "Li, Anna Sofie"]
[Black "Krkyasharyan, Sona"]
[Result "0-1"]
[WhiteElo "2032"]
[BlackElo "1884"]
[PlyCount "88"]
[EventDate "2024.08.22"]
[EventType "swiss"]
[EventRounds "9"]
[EventCountry "CZE"]
[SourceTitle "CBM 221 Extra"]
[Source "ChessBase"]
[SourceDate "2024.09.30"]
[SourceVersion "1"]
[SourceVersionDate "2024.09.30"]
[SourceQuality "1"]

1. e4 c5 2. Nf3 d6 3. d4 cxd4 4. Nxd4 Nf6 5. Nc3 a6 6. f3 e5 7. Nb3 Be6 8. Be3 h5 9. Nd5 Bxd5 10. exd5 Nbd7 11. Qd2 g6 12. 0-0-0 Nb6 13. Kb1 Nfxd5 14. Bf2 Nf6 15. Bh4 Be7 16. Bxf6 Bxf6 17. Qxd6 Qxd6 18. Rxd6 Bd8 19. c3 Ke7 20. Rd2 Bc7 21. Bd3 Rhd8 22. Re1 f5 23. Rg1 Kf6 24. h4 Nd5 25. g3 Bb6 26. Rgd1 Ne3 27. Re1 Rd7 28. Be2 Rad8 29. Kc1 Rxd2 30. Nxd2 Ng2 31. Rd1 Be3 32. c4 f4 33. gxf4 exf4 34. Kc2 Rxd2+ 35. Rxd2 Bxd2 36. Kxd2 Nxh4 37. c5 Nf5 38. b4 Nd4 39. a4 Nxe2 40. Kxe2 Ke5 41. b5 axb5 42. axb5 Kd5 43. c6 bxc6 44. b6 Kd6 0-1

[Event "EU-ch U14 Girls"]
[Site "Prague"]
[Date "2024.08.22"]
[Round "1"]
[White "Lindholm, Linnea Reinfjord"]
[Black "Krkyasharyan, Sona"]
[Result "0-1"]
[WhiteElo "1608"]
[BlackElo "1884"]
[PlyCount "72"]
[EventDate "2024.08.22"]
[EventType "swiss"]
[EventRounds "9"]
[EventCountry "CZE"]
[SourceTitle "CBM 221 Extra"]
[Source "ChessBase"]
[SourceDate "2024.09.30"]
[SourceVersion "1"]
[SourceVersionDate "2024.09.30"]
[SourceQuality "1"]

1. e4 c5 2. Nf3 d6 3. d4 cxd4 4. Nxd4 Nf6 5. Nc3 a6 6. Be2 e5 7. Nf3 Be7 8. 0-0 0-0 9. h3 Be6 10. Be3 h6 11. Re1 Nbd7 12. a3 Rc8 13. Bd3 b5 14. Ne2 Nc5 15. Ng3 Qc7 16. b4 Na4 17. Qc1 Nc3 18. Bd2 Rfd8 19. Re3 Na4 20. Qe1 Nb6 21. Nh4 d5 22. Nhf5 Bxf5 23. Nxf5 dxe4 24. Be2 Bf8 25. Rg3 Kh8 26. Bd1 Qd7 27. Be3 Nbd5 28. Nh4 Nxe3 29. Qxe3 g5 30. Bg4 Nxg4 31. Rxg4 gxh4 32. Qxe4 f5 33. Qxe5+ Bg7 34. Qf4 fxg4 35. Rc1 g3 36. Qxh4 Qd1+ 0-1

[Event "Wch U14 Girls blitz"]
[Site "Batumi"]
[Date "2023.06.11"]
[Round "7"]
[White "Tynyshtyk, Diana"]
[Black "Krkyasharyan, Sona"]
[Result "1/2-1/2"]
[WhiteElo "1481"]
[BlackElo "1482"]
[PlyCount "142"]
[EventDate "2023.06.10"]
[EventType "swiss (blitz)"]
[EventRounds "11"]
[EventCountry "GEO"]
[SourceTitle "EXT 2024"]
[Source "ChessBase"]
[SourceDate "2023.10.10"]
[SourceVersion "1"]
[SourceVersionDate "2023.10.10"]
[SourceQuality "1"]
[WhiteTeam "Kazakhstan"]
[BlackTeam "Armenia"]
[WhiteTeamCountry "KAZ"]
[BlackTeamCountry "ARM"]

1. e4 c6 2. d4 d5 3. Nd2 dxe4 4. Nxe4 Nf6 5. Nxf6+ exf6 6. c3 Bd6 7. Bd3 Na6 8. Qf3 Nc7 9. Ne2 Be6 10. 0-0 0-0 11. Bf4 Re8 12. Qg3 Bxf4 13. Nxf4 Nd5 14. Rae1 Nxf4 15. Qxf4 Qd7 16. a3 Rad8 17. Re3 Kh8 18. Qh4 Bf5 19. Bxf5 Qxf5 20. Qg3 Qd7 21. Rfe1 g6 22. h3 Kg7 23. Qf3 Re6 24. Rxe6 fxe6 25. Qg4 Re8 26. f4 Qd5 27. Re2 Qf5 28. Qf3 Qd5 29. Qe3 Kf7 30. Kf2 Re7 31. Qd3 Qd6 32. g3 c5 33. Re4 Rd7 34. Ke2 Qc6 35. Qe3 cxd4 36. Rxd4 Rxd4 37. Qxd4 Qg2+ 38. Kd1 Qxb2 39. Qxa7 Qb3+ 40. Kd2 Qb2+ 41. Kd3 Qb1+ 42. Kc4 Qe4+ 43. Kb3 Qb1+ 44. Kc4 Ke7 45. Qc5+ Kf7 46. Qc7+ Kf8 47. Qc8+ Kf7 48. Qd7+ Kf8 49. Qd8+ Kf7 50. Qd7+ Kf8 51. Qxh7 Qa2+ 52. Kd3 Qb1+ 53. Kc4 Qa2+ 54. Kd3 Qb1+ 55. Kc4 Qa2+ 56. Kd4 Qd5+ 57. Ke3 Qc5+ 58. Kd2 Qf2+ 59. Kd1 Qf1+ 60. Kc2 Qf2+ 61. Kb3 Qb6+ 62. Kc2 Qf2+ 63. Kb3 Qb6+ 64. Kc4 Qc6+ 65. Kb3 Qb5+ 66. Kc2 Qe2+ 67. Kb3 Qb5+ 68. Kc2 Qe2+ 69. Kc1 Qe1+ 70. Kc2 Qe2+ 71. Kb3 Qb5+ 1/2-1/2

[Event "Wch U14 Girls rapid"]
[Site "Batumi"]
[Date "2023.06.06"]
[Round "1"]
[White "Shukhman, Anna"]
[Black "Krkyasharyan, Sona"]
[Result "1-0"]
[WhiteElo "2123"]
[BlackElo "1464"]
[PlyCount "81"]
[EventDate "2023.06.06"]
[EventType "swiss (rapid)"]
[EventRounds "11"]
[EventCountry "GEO"]
[SourceTitle "EXT 2024"]
[Source "ChessBase"]
[SourceDate "2023.10.10"]
[SourceVersion "1"]
[SourceVersionDate "2023.10.10"]
[SourceQuality "1"]
[WhiteTeam "FIDE"]
[BlackTeam "Armenia"]
[BlackTeamCountry "ARM"]

1. e4 c6 2. d4 d5 3. f3 dxe4 4. fxe4 e5 5. Nf3 Be6 6. dxe5 Qxd1+ 7. Kxd1 Nd7 8. Bf4 0-0-0 9. Bd3 Ne7 10. Nbd2 Ng6 11. Bg3 Bc5 12. Ke2 Rhe8 13. h3 Bb6 14. Bc4 Bc7 15. Bxe6 Rxe6 16. Nd4 Ree8 17. Nf5 Ndxe5 18. Nxg7 Re7 19. Nf5 Ree8 20. Rad1 h5 21. Rhe1 Nd7 22. Kf1 Bxg3 23. Nxg3 Nf6 24. Nc4 Kc7 25. Rxd8 Rxd8 26. e5 Nd5 27. Nxh5 b5 28. Nd6 f6 29. Nf7 Rf8 30. e6 f5 31. Ng5 f4 32. Ng7 Ne3+ 33. Kf2 Rg8 34. e7 Nxe7 35. N7e6+ Kd7 36. Nxf4 N3d5 37. Nxd5 Nxd5 38. Ne6 Kd6 39. g4 Re8 40. Nd4 Rf8+ 41. Nf5+ 1-0

[Event "EU-ch U12 Girls 30th"]
[Site "Antalya"]
[Date "2022.11.11"]
[Round "6"]
[White "Krkyasharyan, Sona"]
[Black "Aldea, Maria Antonia"]
[Result "1-0"]
[WhiteElo "1410"]
[BlackElo "1643"]
[PlyCount "89"]
[EventDate "2022.11.06"]
[EventType "swiss"]
[EventRounds "9"]
[EventCountry "TUR"]
[SourceTitle "CBM 211 Extra"]
[Source "ChessBase"]
[SourceDate "2023.01.31"]
[SourceVersion "1"]
[SourceVersionDate "2023.01.31"]
[SourceQuality "1"]

1. d4 Nf6 2. c4 e6 3. g3 Bb4+ 4. Bd2 Qe7 5. Nf3 Nc6 6. Bg2 0-0 7. 0-0 Bxd2 8. Nbxd2 d6 9. Qc2 e5 10. d5 Nb8 11. e4 a5 12. b3 Na6 13. a3 Bd7 14. Rab1 Rfb8 15. Rfc1 c5 16. Ne1 Be8 17. Nd3 Nd7 18. Re1 Nc7 19. f4 f6 20. Nf3 g6 21. Qe2 Bf7 22. Bh3 Kg7 23. Rf1 h6 24. Bxd7 Qxd7 25. fxe5 dxe5 26. Nfxe5 Qe7 27. Nxf7 Kxf7 28. e5 Ne8 29. Qe3 Kg8 30. e6 b6 31. Qxh6 Qg7 32. Qxg7+ Kxg7 33. Rbd1 Nd6 34. a4 Ra7 35. Rfe1 Re7 36. Nf2 Rd8 37. Ne4 Nxe4 38. Rxe4 Rd6 39. Rf1 f5 40. Ref4 Ra7 41. g4 fxg4 42. Rf7+ Rxf7 43. Rxf7+ Kg8 44. Rd7 Rxd7 45. exd7 1-0